NBA All-Atlantic Division Team - Statistics

General Stats
  • This quiz has been taken 30 times
  • The average score is 9 of 15
Answer Stats
Roster Position Player NBA Team % Correct
Starter Point Guard Isaiah Thomas Boston Celtics
100%
Starter Shooting Guard DeMar DeRozan Toronto Raptors
96%
Starter Center Brook Lopez Brooklyn Nets
93%
Backup Small Forward Carmelo Anthony New York Knicks
85%
Backup Point Guard Kyle Lowry Toronto Raptors
85%
Backup Power Forward Kristaps Porzingis New York Knicks
74%
Starter Small Forward Jae Crowder Boston Celtics
63%
Backup Shooting Guard Avery Bradley Boston Celtics
59%
3rd String Center Jahil Okafor Philadelphia 76ers
52%
3rd String Power Forward Nerlens Noel Philadelphia 76ers
52%
3rd String Small Forward Joe Johnson Brooklyn Nets
48%
3rd String Point Guard Ish Smith Philadelphia 76ers
37%
Backup Center Jonas Valanciunas Toronto Raptors
37%
Starter Power Forward Thaddeus Young Brooklyn Nets
33%
3rd String Shooting Guard Aaron Afflalo New York Knicks
11%
No matching quizzes found
Score Distribution
Percent of People with Each Score
Percentile by Number Answered
Your Score History
You have not taken this quiz